| 000 | 00375nam a22001337a 4500 | ||
|---|---|---|---|
| 005 | 20250918114125.0 | ||
| 008 | 250918b |||||||| |||| 00| 0 eng d | ||
| 050 |
_aPA3000 _bHIG |
||
| 100 | _aHIGHSMITH PATRICIA | ||
| 245 | _aTHE TALENTED MR. RIPLEY RIPLEY UNDER GROUND RIPLEY'S GAME | ||
| 260 |
_aLONDON _bEVERYMAN PUBLISHERS PLC _cc1974 |
||
| 300 | _a877p | ||
| 942 |
_2lcc _cBK _n0 |
||
| 999 |
_c7582 _d7582 |
||